000 00479nam a22001817a 4500
003 MPLRDC
005 20220104144042.0
008 210129b ||||| |||| 00| 0 eng d
082 _a592.09 JMWW-2
100 _a将门文物出版有限公司编辑部
245 _a兵法: 项羽对刘邦
_c
250 _a初版
260 _a
_b将门文物出版有限公司
_c1989
300 _b
490 _a真善美书系
650 _a古代兵法
942 _cBK
_o592.09 JMWW-2
999 _c45927
_d45917